000 00503nam a2200157 4500
999 _c80456
_d80456
008 201207b ||||| |||| 00| 0 eng d
040 _bger
_cSTAFF
_erda
041 _ager
100 _aRohde, Norbert:
245 _aDas Heinkel-Flugzeugwerk in Oranienburg/
_cNorbert Rohde
773 _dBerlin: Die Mark Brandenburg - Verlag für Regional- und Zeitgeschichte
_g(2020) Heft 116, S.38-43: Abb.
_tDie Mark Brandenburg
942 _cA